000 00411nam a2200133Ia 4500
008 100328s9999 xx 000 0 und d
082 _b38431
100 _aसोनवणी संजय
245 _aअखेरचा सम्राट
260 _bशब्द सन्मान
630 _aअखेरचा सम्राट
730 _aअखेरचा सम्राट
942 _cBOOK
999 _c527614
_d527611